[Event "Foros UKR"]
[Site "?"]
[Date "2006.06.22"]
[Round "6"]
[White "Harikrishna Penteala"]
[Black "Mamedyarov Shakhriyar"]
[Result "1-0"]
[WhiteElo "2680"]
[BlackElo "2699"]
[PlyCount "63"]
[EventDate "2006.??.??"]
[Source "www.chesslib.no"]
[SourceDate "2004.05.04"]

1. e4 e5 2. Nf3 Nc6 3. Nc3 Nf6 4. d4 Bb4 5. Nxe5 O-O 6. Bd3 Nxd4 7. O-O d6 8. Nc4 Bxc3 9. bxc3 Ne6 10. Ne3 Re8 11. c4 Nc5 12. f3 Nfd7 13. Rb1 Ne5 14. Bb2 f6 15. Qd2 Be6 16. Rbe1 Qd7 17. f4 Nexd3 18. cxd3 f5 19. Rf3 Re7 20. Rg3 Rf7 21. exf5 Bxf5 22. Rg5 Bxd3 23. Ng4 Bg6 24. f5 Rxf5 25. Nh6+ gxh6 26. Qd4 Ne6 27. Qh8+ Kf7 28. Rxf5+ Bxf5 29. Qf6+ Kg8 30. Qxf5 Nf8 31. Qd5+ Qf7 32. Re7 1-0

[Event "Moskva (ol)"]
[Site "?"]
[Date "1994.??.??"]
[Round "?"]
[White "Rublevsky, S."]
[Black "Onischuk, Al"]
[Result "1-0"]
[WhiteElo "2565"]
[BlackElo "2590"]
[PlyCount "45"]
[EventDate "1994.??.??"]
[Source "ChessBase"]
[SourceDate "1995.02.01"]

1. e4 e5 2. Nf3 Nc6 3. Nc3 Nf6 4. d4 Bb4 5. Nxe5 Qe7 6. Qd3 Nxe5 7. dxe5 Qxe5 8. Bd2 O-O 9. O-O-O d6 10. f4 Qe7 11. Re1 Re8 12. Qg3 c6 13. Bd3 Nd7 14. a3 Ba5 15. Rhf1 Bc7 16. f5 Kh8 17. f6 gxf6 18. e5 fxe5 19. Bxh7 d5 20. Bf5 f6 21. Qh4+ Kg8 22. Rf3 e4 23. Nxe4 1-0

[Event "Calcutta op"]
[Site "Calcutta"]
[Date "1996.??.??"]
[Round "4"]
[White "Slobodjan, Roman"]
[Black "Graf, Alexander"]
[Result "1/2-1/2"]
[WhiteElo "2525"]
[BlackElo "2595"]
[PlyCount "72"]
[EventDate "1996.02.??"]
[Source "ChessBase"]

1. e4 e5 2. Nf3 Nc6 3. Nc3 Nf6 4. d4 Bb4 5. Nxe5 Bxc3+ 6. bxc3 Qe7 7. Nxc6 Qxe4+ 8. Be2 Qxc6 9. O-O O-O 10. c4 d5 11. cxd5 Nxd5 12. Qd2 b5 13. Bf3 a5 14. Ba3 b4 15. c4 Qxc4 16. Rfc1 Nc3 17. Bb2 Rb8 18. Bxc3 bxc3 19. Rxc3 Qb4 20. a3 Qd6 21. Rc6 Qd8 22. Rc5 a4 23. Rac1 Qd6 24. Bc6 Rb3 25. Bxa4 Rxa3 26. Rxc7 Rxa4 27. Rxc8 Rxd4 28. Rxf8+ Kxf8 29. Rc8+ Ke7 30. Qg5+ Qf6 31. Qc1 Qd6 32. Qg5+ Qf6 33. Rc7+ Kd8 34. Qxf6+ gxf6 35. Rc1 Ke7 36. g3 Kf8 1/2-1/2

[Event "Novgorod Open"]
[Site "Novgorod RUS"]
[Date "1995.??.??"]
[Round "1"]
[White "Sepp, Olav"]
[Black "Graf, Alexander"]
[Result "0-1"]
[WhiteElo "2460"]
[BlackElo "2605"]
[PlyCount "105"]
[EventDate "1995.05.??"]
[Source "www.chesslib.no"]
[SourceDate "2004.05.04"]

1. e4 e5 2. Nf3 Nc6 3. Nc3 Nf6 4. d4 Bb4 5. Nxe5 Bxc3+ 6. bxc3 Qe7 7. Nxc6 Qxe4+ 8. Be2 Qxc6 9. O-O O-O 10. c4 d5 11. cxd5 Nxd5 12. Bd3 Nb4 13. c4 Qf6 14. Bb2 Rd8 15. Be4 Bf5 16. Bxf5 Qxf5 17. Qb3 Nd3 18. Rad1 Nxb2 19. Qxb2 Rab8 20. Rfe1 h6 21. d5 b5 22. cxb5 Rxd5 23. Rxd5 Qxd5 24. a4 c6 25. Rb1 cxb5 26. axb5 Rb6 27. h3 a6 28. Qc2 Rxb5 29. Rd1 Qf5 30. Qxf5 Rxf5 31. Rd6 a5 32. Ra6 Kf8 33. Ra7 g5 34. g4 Rc5 35. Kg2 Kg7 36. Kh2 h5 37. gxh5 Rf5 38. Kg3 Kh6 39. h4 Kxh5 40. hxg5 Kxg5 41. f4+ Kg6 42. Kg4 Rd5 43. Ra6+ f6 44. Ra7 f5+ 45. Kh4 Kf6 46. Ra6+ Ke7 47. Kg5 Kd7 48. Rf6 Kc7 49. Re6 Kb7 50. Re5 Kc6 51. Kxf5 a4 52. Kg6 Rxe5 53. fxe5 0-1

[Event "St Petersburg op"]
[Site "St Petersburg"]
[Date "1994.??.??"]
[Round "8"]
[White "Rublevsky, Sergei"]
[Black "Svidler, Peter"]
[Result "1/2-1/2"]
[WhiteElo "2550"]
[BlackElo "2505"]
[PlyCount "60"]
[EventDate "1994.02.??"]
[Source "ChessBase"]

1. e4 e5 2. Nf3 Nc6 3. Nc3 Nf6 4. d4 Bb4 5. Nxe5 Bxc3+ 6. bxc3 Qe7 7. Nxc6 Qxe4+ 8. Be2 dxc6 9. O-O O-O 10. Rb1 Re8 11. Bd3 Qh4 12. Qf3 Bg4 13. Qf4 Nd5 14. Qd2 b5 15. a4 a6 16. c4 bxc4 17. Bxc4 Bf5 18. Rb7 Be4 19. f3 Bg6 20. Bxd5 cxd5 21. Rxc7 Rac8 22. Rxc8 Rxc8 23. c3 Qf6 24. Ba3 Qc6 25. a5 Bf5 26. Re1 Re8 27. Re5 Bd7 28. Qe1 Re6 29. Bb4 f6 30. Rxe6 Qxe6 1/2-1/2

[Event "Kiel"]
[Site "Kiel GER"]
[Date "1978.??.??"]
[Round "5"]
[White "Radulov, Ivan G"]
[Black "Smejkal, Jan"]
[Result "1/2-1/2"]
[WhiteElo "2490"]
[BlackElo "2555"]
[PlyCount "28"]
[EventDate "1978.??.??"]
[Source "www.chesslib.no"]
[SourceDate "2004.05.04"]

1. e4 e5 2. Nf3 Nc6 3. Nc3 Nf6 4. d4 Bb4 5. Nxe5 Qe7 6. Nxc6 Qxe4+ 7. Qe2 dxc6 8. Bd2 Qxe2+ 9. Bxe2 Bf5 10. O-O-O O-O-O 11. Bg5 Rde8 12. Bf3 Ne4 13. Bxe4 Bxe4 14. Nxe4 Rxe4 1/2-1/2

[Event "Asian-ch"]
[Site "Calcutta"]
[Date "2001.08.17"]
[Round "11"]
[White "Annageldyev, Orazly"]
[Black "Wu Wenjin"]
[Result "0-1"]
[WhiteElo "2485"]
[BlackElo "2560"]
[PlyCount "47"]
[EventDate "2001.08.09"]
[Source "ChessBase"]
[SourceDate "2001.11.13"]

1. e4 e5 2. Nf3 Nc6 3. Nc3 Nf6 4. d4 Bb4 5. Nxe5 Qe7 6. Nxc6 Qxe4+ 7. Be2 Bxc3+ 8. bxc3 dxc6 9. O-O O-O 10. Bd3 Qh4 11. h3 Re8 12. Qf3 Be6 13. c4 Qxd4 14. Rb1 b6 15. Bb2 Qh4 16. Qxc6 Nd7 17. Rfe1 Nc5 18. Qxc7 Red8 19. Re3 Rd7 20. Qc6 Rad8 21. Rg3 f6 22. Re1 Rd6 23. Qf3 Kh8 24. Ba3 0-1

[Event "Open"]
[Site "?"]
[Date "1999.02.15"]
[Round "3"]
[White "Skripchenko Lautier Almira"]
[Black "Graf Alexander"]
[Result "0-1"]
[WhiteElo "2414"]
[BlackElo "2616"]
[PlyCount "70"]
[EventDate "1999.??.??"]
[Source "www.chesslib.no"]
[SourceDate "2004.05.04"]

1. e4 e5 2. Nf3 Nc6 3. Nc3 Nf6 4. d4 Bb4 5. Nxe5 Bxc3+ 6. bxc3 Qe7 7. Nxc6 Qxe4+ 8. Be2 Qxc6 9. O-O O-O 10. c4 d5 11. cxd5 Nxd5 12. Qd2 Bf5 13. c4 Nb6 14. Ba3 Rfe8 15. Rac1 Qa4 16. Rc3 Rad8 17. Bb2 Qa5 18. Rd1 Na4 19. Re3 Qxd2 20. Rxd2 Nxb2 21. Rxb2 b6 22. Bf3 Kf8 23. Bc6 Re6 24. Rxe6 fxe6 25. Rd2 Rd6 26. Bf3 c5 27. g4 Bg6 28. d5 b5 29. cxb5 c4 30. Kf1 c3 31. Rd1 exd5 32. a4 d4 33. Rc1 Re6 34. a5 Bd3+ 35. Kg2 Bxb5 0-1

[Event "Paris FRA"]
[Site "?"]
[Date "1998.??.??"]
[Round "7"]
[White "Rausis Igors"]
[Black "Kogan Artur"]
[Result "0-1"]
[WhiteElo "2535"]
[BlackElo "2485"]
[PlyCount "93"]
[EventDate "1998.??.??"]
[Source "www.chesslib.no"]
[SourceDate "2004.05.04"]

1. e4 e5 2. Nf3 Nc6 3. Nc3 Nf6 4. d4 Bb4 5. Nxe5 Qe7 6. Qd3 Nxd4 7. Qxd4 c5 8. Qe3 Qxe5 9. Bd2 O-O 10. O-O-O Re8 11. a3 Ba5 12. f3 d5 13. Qxc5 Bb6 14. Qb4 dxe4 15. Nxe4 Nxe4 16. Re1 Nxd2 17. Rxe5 Rxe5 18. Bd3 Be3 19. Re1 Nxf3+ 20. Rxe3 Rxe3 21. gxf3 Re8 22. Qa4 Rf8 23. Qb4 Re8 24. Bb5 Rf8 25. Bd3 Re8 26. Kd2 g6 27. Qb5 Rd8 28. b4 b6 29. Qc6 Bf5 30. Qc7 Rd7 31. Qc6 Rad8 32. Ke2 Bxd3+ 33. cxd3 Rxd3 34. a4 R3d6 35. Qc7 R6d7 36. Qc6 h5 37. a5 bxa5 38. bxa5 h4 39. Qf6 Re8+ 40. Kf1 h3 41. Kf2 Rd5 42. Kg3 Rxa5 43. Qc6 Rf8 44. Kxh3 Rf5 45. Kg4 a5 46. Qa6 Rd8 47. Qb6 0-1

[Event "Neu Isenburg Open"]
[Site "Neu Isenburg"]
[Date "1992.04.26"]
[Round "11"]
[White "Hector, Jonny"]
[Black "Blatny, Pavel"]
[Result "0-1"]
[WhiteElo "2535"]
[BlackElo "2480"]
[PlyCount "60"]
[EventDate "1992.04.24"]
[Source "www.chesslib.no"]
[SourceDate "2004.05.04"]

1. e4 e5 2. Nf3 Nc6 3. Nc3 Nf6 4. d4 Bb4 5. Nxe5 O-O 6. Bg5 Re8 7. Bd3 Nxd4 8. f4 Ne6 9. O-O Nxg5 10. fxg5 Rxe5 11. gxf6 g6 12. Qf3 c6 13. Qf4 Bd6 14. Kh1 Re6 15. Qg5 Qf8 16. Bc4 Re8 17. Rf3 Be5 18. Raf1 d6 19. Nd1 Kh8 20. c3 Bd7 21. Ne3 h6 22. Qh4 Kh7 23. g4 b5 24. Bb3 d5 25. Rh3 Bd6 26. exd5 Re5 27. a4 Rae8 28. axb5 cxb5 29. Ng2 Re4 30. Rd3 Bxg4 0-1

[Event "Bishkek (zt)"]
[Site "?"]
[Date "1993.??.??"]
[Round "?"]
[White "Nadyrhanov, S."]
[Black "Nenashev, A."]
[Result "1/2-1/2"]
[WhiteElo "2450"]
[BlackElo "2565"]
[PlyCount "101"]
[EventDate "1993.??.??"]
[Source "ChessBase"]
[SourceDate "1993.02.01"]

1. e4 e5 2. Nf3 Nc6 3. Nc3 Nf6 4. d4 Bb4 5. Nxe5 Qe7 6. Qd3 Nxe5 7. dxe5 Qxe5 8. Bd2 O-O 9. O-O-O d6 10. Kb1 Bd7 11. f3 Rad8 12. Be1 Rfe8 13. Bg3 Qa5 14. Nd5 Nxd5 15. Qxd5 Qxd5 16. Rxd5 Be6 17. Rb5 Bc5 18. Rxb7 Bb6 19. Bb5 Rf8 20. a4 f5 21. a5 Bxa5 22. exf5 Rxf5 23. Bd3 Rh5 24. Rxa7 Rb8 25. Be1 Bb6 26. Ra4 Rg5 27. g3 Rf8 28. f4 Bd5 29. Be4 Re8 30. fxg5 Bxe4 31. Rxe4 Rxe4 32. Bc3 Kf7 33. Re1 Rxe1+ 34. Bxe1 Kg6 35. Bc3 Bg1 36. Ba5 c6 37. Bc7 Bxh2 38. Bxd6 Kxg5 39. b4 Kg4 40. c4 h5 41. b5 cxb5 42. cxb5 h4 43. b6 Bxg3 44. Bc7 Bf2 45. b7 Ba7 46. Kc2 Kf3 47. Kd3 h3 48. Kc4 Kg2 49. Kb5 h2 50. Ka6 h1=Q 51. Kxa7 1/2-1/2

[Event "Pula zt 1.2"]
[Site "Pula"]
[Date "2000.04.11"]
[Round "1"]
[White "Golubovic, Boris"]
[Black "Slobodjan, Roman"]
[Result "1/2-1/2"]
[WhiteElo "2449"]
[BlackElo "2561"]
[PlyCount "45"]
[EventDate "2000.04.11"]
[Source "ChessBase"]
[SourceDate "2000.07.27"]

1. e4 e5 2. Nf3 Nc6 3. Nc3 Nf6 4. d4 Bb4 5. Nxe5 Qe7 6. Qd3 Nxe5 7. dxe5 Qxe5 8. Bd2 O-O 9. O-O-O d6 10. Re1 Bd7 11. f4 Qe6 12. Qg3 Qg4 13. Qxg4 Nxg4 14. h3 Nf6 15. Nd5 Bxd2+ 16. Kxd2 Nxd5 17. exd5 Rfe8 18. Bd3 h6 19. h4 Kf8 20. g3 Rxe1 21. Rxe1 Re8 22. Rxe8+ Kxe8 23. Ke3 1/2-1/2

[Event "Omarov Memorial"]
[Site "Akmola Omarov Mem"]
[Date "1993.??.??"]
[Round "?"]
[White "Kotsur, Pavel"]
[Black "Graf, Alexander"]
[Result "0-1"]
[WhiteElo "2425"]
[BlackElo "2580"]
[PlyCount "66"]
[EventDate "1993.??.??"]
[Source "www.chesslib.no"]
[SourceDate "2004.05.04"]

1. e4 e5 2. Nf3 Nc6 3. Nc3 Nf6 4. d4 Bb4 5. Nxe5 Bxc3+ 6. bxc3 Qe7 7. Bd3 Nxe5 8. dxe5 Qxe5 9. O-O O-O 10. Rb1 d6 11. Qf3 Re8 12. Re1 Bg4 13. Qe3 b6 14. c4 Bd7 15. h3 Re6 16. Bb2 Qh5 17. f4 Bc6 18. f5 Rxe4 19. Bxe4 Nxe4 20. Qf4 Re8 21. Rbd1 f6 22. Rd4 Nc5 23. Rxe8+ Qxe8 24. Qc1 Qe5 25. Rf4 Qe2 26. Rg4 Ne4 27. Kh2 Kf7 28. Bd4 h5 29. Rg6 Kf8 30. Qa3 Nd2 31. Bxf6 Nf3+ 32. Kg3 h4+ 33. Kf4 Qxc4+ 0-1

[Event "Yerevan ARM"]
[Site "?"]
[Date "1996.09.26"]
[Round "10"]
[White "Istratescu Andrei ROM"]
[Black "Mitkov Nikola MKD"]
[Result "1-0"]
[WhiteElo "2535"]
[BlackElo "2470"]
[PlyCount "67"]
[EventDate "1996.??.??"]
[Source "www.chesslib.no"]
[SourceDate "2004.05.04"]

1. e4 e5 2. Nf3 Nc6 3. Nc3 Nf6 4. d4 Bb4 5. Nxe5 Bxc3+ 6. bxc3 Qe7 7. Nxc6 Qxe4+ 8. Be2 Qxc6 9. O-O O-O 10. c4 d5 11. cxd5 Nxd5 12. Qd2 Nb6 13. Bf3 Qa4 14. Re1 c6 15. Qg5 Be6 16. Bf4 Nd7 17. c3 Rfe8 18. Be4 f6 19. Qg3 Nf8 20. h4 Kh8 21. h5 Qa3 22. Bd6 Qa5 23. Bxf8 Rxf8 24. Bxh7 Qd5 25. Bc2 Qd7 26. Qg6 Bg8 27. Re3 f5 28. Rae1 Rf6 29. Qg5 Be6 30. h6 Rxh6 31. Bxf5 Re8 32. Bg6 Re7 33. Qxe7 Qxe7 34. Rxe6 1-0

[Event "Ch World (juniors)"]
[Site "Ch World (juniors)"]
[Date "1992.??.??"]
[Round "?"]
[White "Rublevsky, Sergei"]
[Black "Gabriel, Christian"]
[Result "1-0"]
[WhiteElo "2505"]
[BlackElo "2490"]
[PlyCount "39"]
[EventDate "1992.??.??"]
[Source "www.chesslib.no"]
[SourceDate "2004.05.04"]

1. e4 e5 2. Nf3 Nc6 3. Nc3 Nf6 4. d4 Bb4 5. Nxe5 Nxe4 6. Qg4 Nxc3 7. Qxg7 Rf8 8. a3 Nxd4 9. axb4 Nxc2+ 10. Kd2 Nxa1 11. Kxc3 a5 12. Bc4 Qe7 13. Re1 d5 14. Bb5+ c6 15. Nxc6 Qxe1+ 16. Bd2 Qe4 17. Nb8+ Kd8 18. Qxf8+ Kc7 19. Qc5+ Kxb8 20. Qd6+ 1-0

[Event "Petroff Mem Open"]
[Site "?"]
[Date "2000.02.14"]
[Round "7"]
[White "Kalygin Sergey V"]
[Black "Lunev Andrey"]
[Result "1/2-1/2"]
[WhiteElo "2497"]
[BlackElo "2491"]
[PlyCount "35"]
[EventDate "2000.??.??"]
[Source "www.chesslib.no"]
[SourceDate "2004.05.04"]

1. e4 e5 2. Nf3 Nc6 3. Nc3 Nf6 4. d4 Bb4 5. Nxe5 Qe7 6. Nxc6 Qxe4+ 7. Be2 dxc6 8. O-O Qh4 9. g3 Qh3 10. Re1 O-O 11. Bf1 Qf5 12. Bf4 Bd6 13. Bxd6 cxd6 14. Qd2 h6 15. Bg2 Qg5 16. Qxg5 hxg5 17. Re7 Re8 18. Rxe8+ 1/2-1/2

[Event "Bled op 23rd"]
[Site "Bled"]
[Date "2002.07.07"]
[Round "6"]
[White "Zelcic, Robert"]
[Black "Mikac, Matjaz"]
[Result "1/2-1/2"]
[WhiteElo "2565"]
[BlackElo "2410"]
[PlyCount "189"]
[EventDate "2002.07.02"]
[Source "ChessBase"]
[SourceDate "2002.09.11"]

1. e4 e5 2. Nf3 Nc6 3. Nc3 Nf6 4. d4 Bb4 5. Nxe5 Bxc3+ 6. bxc3 Qe7 7. Bd3 Nxe5 8. dxe5 Qxe5 9. O-O O-O 10. Rb1 d5 11. exd5 Qxd5 12. c4 Qc6 13. h3 b6 14. Rb5 h6 15. Re1 Bb7 16. f3 Ba6 17. Rf5 Bxc4 18. Bxc4 Qxc4 19. Bxh6 gxh6 20. Rxf6 Rad8 21. Qa1 Qc5+ 22. Kh1 Qg5 23. Re4 Rd1+ 24. Qxd1 Qxf6 25. Qe1 Qd6 26. c3 Rd8 27. Qh4 Qd1+ 28. Re1 Qd6 29. f4 Kf8 30. f5 Re8 31. Rf1 Qd2 32. Qg3 Qe2 33. Qf4 Kg7 34. a3 a5 35. Rf3 Qe1+ 36. Rf1 Qe5 37. f6+ Kh7 38. Qc4 Re6 39. Qd3+ Qe4 40. Qd7 Rxf6 41. Rxf6 Qe1+ 42. Kh2 Qe5+ 43. Kg1 Qxf6 44. Qxc7 Kg7 45. Kh2 Qe6 46. c4 a4 47. Qg3+ Kf8 48. Qc7 Kg7 49. c5 bxc5 50. Qxc5 Qb3 51. h4 Qb8+ 52. g3 Qb3 53. Qd4+ Kh7 54. Qe4+ Kg7 55. Qe5+ Kh7 56. Qd6 Qc2+ 57. Kg1 Kg7 58. Kf1 Qe4 59. Kf2 Kh7 60. Qc5 Kg6 61. Qd6+ Kg7 62. Qd2 Kg6 63. Qc3 Kh7 64. Qe3 Qc2+ 65. Kf3 Qf5+ 66. Ke2 Qc2+ 67. Kf3 Qf5+ 68. Kg2 Qc2+ 69. Qf2 Qe4+ 70. Qf3 Qc2+ 71. Kh3 Qb3 72. Qf5+ Kg7 73. Qe5+ Kh7 74. Qc5 Qe6+ 75. g4 Qb3+ 76. Kg2 Kg7 77. Kf2 Qd1 78. Qc3+ Kh7 79. Qf3 Qd2+ 80. Kg3 Qd6+ 81. Kh3 Kg7 82. Qc3+ Kg8 83. Kg2 Qf4 84. Qf3 Qd2+ 85. Kf1 Qc1+ 86. Ke2 Qc2+ 87. Kf1 Qc1+ 88. Kg2 Qb2+ 89. Kg3 Qb3 90. Kf4 Qc4+ 91. Qe4 Qf1+ 92. Qf3 Qc4+ 93. Kg3 Qb3 94. Kf4 Qc4+ 95. Kg3 1/2-1/2

[Event "WJun"]
[Site "Yerevan ARM"]
[Date "2007.10.12"]
[Round "9"]
[White "So, W."]
[Black "Kaplan, S."]
[Result "1-0"]
[WhiteElo "2531"]
[BlackElo "2437"]
[PlyCount "89"]
[EventDate "2007.10.03"]
[Source "www.chesslib.no"]
[SourceDate "2004.05.04"]

1. e4 e5 2. Nf3 Nc6 3. Nc3 Nf6 4. d4 Bb4 5. Nxe5 Bxc3+ 6. bxc3 Qe7 7. Nxc6 Qxe4+ 8. Be2 Qxc6 9. O-O O-O 10. c4 d5 11. cxd5 Nxd5 12. Bd3 Nb4 13. c4 Nxd3 14. Qxd3 Qg6 15. Qxg6 hxg6 16. Bf4 c6 17. d5 cxd5 18. cxd5 Bf5 19. d6 Rac8 20. Rad1 Rfd8 21. f3 a6 22. Rfe1 Re8 23. Re7 g5 24. Bg3 Rb8 25. Rc7 Rbd8 26. d7 Re2 27. Rc8 Rxc8 28. dxc8=Q+ Bxc8 29. Rd8+ Kh7 30. Rxc8 Rxa2 31. h3 b5 32. Rc7 Kg6 33. Rb7 Ra4 34. Kh2 Ra2 35. Rb6+ Kh7 36. Bd6 Ra4 37. Kg3 Ra2 38. Be7 f6 39. Rb7 Kg8 40. Kg4 Rxg2+ 41. Kf5 Kh7 42. Bf8 Rc2 43. Rxg7+ Kh8 44. Kg6 f5 45. Be7 1-0

[Event "Campionato europeo 2007"]
[Site "Dresda GER"]
[Date "2007.04.07"]
[Round "5.103"]
[White "Ardeleanu, Alin"]
[Black "Godena, Michele"]
[Result "0-1"]
[WhiteElo "2407"]
[BlackElo "2558"]
[PlyCount "124"]
[EventDate "2007.04.03"]
[Source "www.chesslib.no"]
[SourceDate "2004.05.04"]

1. e4 e5 2. Nf3 Nc6 3. Nc3 Nf6 4. d4 Bb4 5. Nxe5 Bxc3+ 6. bxc3 Qe7 7. Nxc6 Qxe4+ 8. Qe2 dxc6 9. Bf4 Qxe2+ 10. Bxe2 Nd5 11. Bd2 Bf5 12. c4 Nf6 13. O-O-O O-O-O 14. Be3 Rhe8 15. h3 Ne4 16. Bg4 Be6 17. Bxe6+ Rxe6 18. Rd3 h5 19. g4 Rh8 20. Rg1 hxg4 21. Rxg4 g6 22. d5 cxd5 23. cxd5 Ree8 24. Bxa7 b6 25. d6 Re6 26. Rxe4 Rxe4 27. Rc3 Kb7 28. Rxc7+ Ka6 29. d7 Rd8 30. Bb8 Rd4 31. Ra7+ Kb5 32. Be5 R8xd7 33. Ra3 Ra4 34. Rb3+ Kc6 35. a3 Rd5 36. Bg3 Re4 37. Rf3 f5 38. Bf4 Re1+ 39. Kb2 Rb5+ 40. Kc3 Ra1 41. Kd2 Rd5+ 42. Ke2 Rg1 43. h4 Rg4 44. Bg5 Rc4 45. c3 Re4+ 46. Kf1 Rd1+ 47. Kg2 Rg4+ 48. Kh2 Kd5 49. Bf6 Kc4 50. Rg3 Rxg3 51. Kxg3 Rg1+ 52. Kf4 Rg4+ 53. Ke3 Re4+ 54. Kd2 Re6 55. Bd4 b5 56. f3 Ra6 57. Be5 Rxa3 58. Bf6 f4 59. Be5 Ra2+ 60. Kc1 Rf2 61. Bxf4 Rxf3 62. Be5 Rf8 0-1

[Event "Toulouse"]
[Site "Toulouse"]
[Date "1996.??.??"]
[Round "6"]
[White "Hamdouchi, Hichem"]
[Black "Mitkov, Nikola"]
[Result "1/2-1/2"]
[WhiteElo "2495"]
[BlackElo "2470"]
[PlyCount "40"]
[EventDate "1996.10.??"]
[Source "ChessBase"]

1. e4 e5 2. Nf3 Nc6 3. Nc3 Nf6 4. d4 Bb4 5. Nxe5 Bxc3+ 6. bxc3 Qe7 7. Bd3 Nxe5 8. dxe5 Qxe5 9. O-O O-O 10. Rb1 d5 11. exd5 Qxd5 12. Rb5 c5 13. c4 Qc6 14. a4 b6 15. a5 Ba6 16. Rb3 bxa5 17. Bb2 Rab8 18. Bxf6 Qxf6 19. Qh5 g6 20. Qxc5 Rbc8 1/2-1/2

[Event "Budapest FS07 GM"]
[Site "Budapest"]
[Date "1996.??.??"]
[Round "5"]
[White "Malakhov, Vladimir"]
[Black "Varga, Zoltan"]
[Result "1-0"]
[WhiteElo "2515"]
[BlackElo "2450"]
[PlyCount "47"]
[EventDate "1996.07.??"]
[Source "ChessBase"]

1. e4 e5 2. Nf3 Nc6 3. Nc3 Nf6 4. d4 Bb4 5. Nxe5 Nxe4 6. Qg4 Nxc3 7. Qxg7 Rf8 8. a3 Nxd4 9. axb4 Nxc2+ 10. Kd2 Nxa1 11. Kxc3 a5 12. Bc4 axb4+ 13. Kd3 d5 14. Bb5+ c6 15. Re1 Bf5+ 16. Kd2 Qe7 17. Nxc6 Nb3+ 18. Kd1 Bc2+ 19. Kxc2 Qxe1 20. Nxb4+ Ke7 21. Bg5+ Kd6 22. Bf4+ Ke6 23. Kxb3 Rac8 24. Qd4 1-0

[Event "Open, Batumi GEO"]
[Site "?"]
[Date "2001.??.??"]
[Round "2"]
[White "Gurieli, N."]
[Black "Aleksandrov, A."]
[Result "0-1"]
[WhiteElo "2355"]
[BlackElo "2610"]
[PlyCount "70"]
[EventDate "2001.??.??"]
[Source "www.chesslib.no"]
[SourceDate "2004.05.04"]

1. e4 e5 2. Nf3 Nc6 3. Nc3 Nf6 4. d4 Bb4 5. Nxe5 Qe7 6. Nxc6 Qxe4+ 7. Be2 Qxc6 8. O-O Bxc3 9. bxc3 Qxc3 10. Rb1 O-O 11. Rb3 Qc6 12. Bb5 Qd5 13. Re1 d6 14. Be2 c6 15. c4 Qa5 16. Bd3 h6 17. Bd2 Qd8 18. Bb1 Re8 19. Rxe8+ Nxe8 20. Rg3 Qh4 21. Bb4 Be6 22. Qd3 Kf8 23. h3 Rd8 24. Bd2 Qh5 25. Rf3 Nf6 26. g4 Qh4 27. Bf4 a6 28. Qa3 Ne8 29. Qd3 Nf6 30. Qa3 Bxc4 31. Bxd6+ Kg8 32. Be7 Rxd4 33. Bxf6 gxf6 34. Bf5 Rd1+ 35. Kh2 Bd5 0-1

[Event "Pula op"]
[Site "Pula"]
[Date "2002.05.19"]
[Round "9"]
[White "Zelcic, Robert"]
[Black "Mikac, Matjaz"]
[Result "1/2-1/2"]
[WhiteElo "2547"]
[BlackElo "2414"]
[PlyCount "92"]
[EventDate "2002.05.12"]
[Source "ChessBase"]
[SourceDate "2002.07.08"]

1. e4 e5 2. Nf3 Nc6 3. Nc3 Nf6 4. d4 Bb4 5. Nxe5 Qe7 6. Qd3 Nxd4 7. Qxd4 Bc5 8. Qd3 Qxe5 9. Be3 O-O 10. f4 Qe7 11. O-O-O Re8 12. Bxc5 Qxc5 13. h3 d6 14. Be2 Bd7 15. Bf3 Bc6 16. g4 b5 17. g5 b4 18. Na4 Bxa4 19. gxf6 Rab8 20. Rhg1 g6 21. Rg5 Qf2 22. Rf1 Qh4 23. Bg2 Bc6 24. Qc4 Rb6 25. Qd4 Re6 26. Kb1 Bb5 27. Rf2 c5 28. Qe3 Rxf6 29. Rg4 Qh6 30. Qg3 Rb8 31. Rh4 Qg7 32. Rg4 a5 33. Rd2 Re8 34. f5 Re5 35. h4 a4 36. h5 Re8 37. Qh4 a3 38. h6 Qh8 39. c4 bxc3 40. bxc3 Rb8 41. Kc1 Rxf5 42. exf5 Qxc3+ 43. Rc2 Qe3+ 44. Rd2 Qc3+ 45. Rc2 Qe3+ 46. Rd2 Qc3+ 1/2-1/2

[Event "HUN-chT1 9596"]
[Site "HUN"]
[Date "1996.??.??"]
[Round "8"]
[White "Tolnai, Tibor"]
[Black "Sherzer, Alex"]
[Result "1-0"]
[WhiteElo "2450"]
[BlackElo "2500"]
[PlyCount "111"]
[EventDate "1995.??.??"]
[Source "www.chesslib.no"]
[SourceDate "2004.05.04"]

1. e4 e5 2. Nf3 Nc6 3. Nc3 Nf6 4. d4 Bb4 5. Nxe5 Nxe4 6. Qg4 Nxc3 7. Qxg7 Rf8 8. a3 Ba5 9. Nxc6 dxc6 10. Qe5+ Qe7 11. Qxe7+ Kxe7 12. Bd2 Bf5 13. Bxc3 Bxc3+ 14. bxc3 Bxc2 15. Kd2 Bf5 16. Re1+ Kf6 17. Bd3 Bxd3 18. Kxd3 Rg8 19. g3 Rg5 20. Re4 Rf5 21. f4 Ra5 22. Rhe1 c5 23. Re5 Rd8 24. g4 Rd7 25. Rf5+ Kg6 26. Rg5+ Kf6 27. Ree5 Rxa3 28. Rxc5 Ra6 29. Rg8 Ke7 30. Rb8 Rb6 31. Re5+ Kf6 32. Rg8 Re6 33. Rh5 Ke7 34. Rxh7 c5 35. Rgg7 Kf8 36. f5 Rf6 37. Ke4 Rh6 38. Rxf7+ Rxf7 39. Rxh6 cxd4 40. Kxd4 Rd7+ 41. Ke5 Rc7 42. Rh8+ Kg7 43. Rb8 a5 44. Kf4 Kf6 45. g5+ Kf7 46. Kg4 a4 47. Kh5 a3 48. h4 b5 49. Rxb5 Ra7 50. Rb1 Ra5 51. Ra1 a2 52. c4 Kg7 53. c5 Kf7 54. c6 Ke7 55. c7 Kd7 56. f6 1-0

[Event "tt"]
[Site "?"]
[Date "1996.??.??"]
[Round "1"]
[White "Lepelletier Benoit"]
[Black "Flear Glenn C"]
[Result "1-0"]
[WhiteElo "2470"]
[BlackElo "2475"]
[PlyCount "27"]
[EventDate "1996.??.??"]
[Source "www.chesslib.no"]
[SourceDate "2004.05.04"]

1. e4 e5 2. Nf3 Nc6 3. Nc3 Nf6 4. d4 Bb4 5. Nxe5 Bxc3+ 6. bxc3 Qe7 7. Bd3 Nxe5 8. dxe5 Qxe5 9. O-O Qxc3 10. Rb1 O-O 11. Rb5 Qc6 12. Bb2 b6 13. Rg5 Bb7 14. Rxg7+ 1-0

[Event "CZE Team Ch"]
[Site "Czech Republic"]
[Date "1993.??.??"]
[Round "?"]
[White "Votava, Jan"]
[Black "Smejkal, Jan"]
[Result "0-1"]
[WhiteElo "2425"]
[BlackElo "2515"]
[PlyCount "58"]
[EventDate "1993.??.??"]
[Source "www.chesslib.no"]
[SourceDate "2004.05.04"]

1. e4 e5 2. Nf3 Nc6 3. Nc3 Nf6 4. d4 Bb4 5. Nxe5 Qe7 6. Nxc6 Qxe4+ 7. Be2 dxc6 8. O-O Bxc3 9. bxc3 O-O 10. Rb1 Re8 11. Bf3 Qe6 12. Bg5 h6 13. Bxf6 Qxf6 14. Re1 Rd8 15. Qe2 Rb8 16. Qe7 Qxe7 17. Rxe7 Bd7 18. a4 a5 19. Kf1 Kf8 20. Rxd7 Rxd7 21. Bxc6 Re7 22. c4 Re6 23. d5 Re4 24. c5 Rc4 25. Rb5 Rxc2 26. Bxb7 Re8 27. f4 Re4 28. Bc6 Rb4 29. d6 cxd6 0-1

[Event "Bundesliga 9495"]
[Site "Germany"]
[Date "1995.??.??"]
[Round "?"]
[White "Stangl, Markus"]
[Black "Goldberg, Alexander"]
[Result "1-0"]
[WhiteElo "2535"]
[BlackElo "2405"]
[PlyCount "61"]
[EventDate "1994.10.??"]
[Source "ChessBase"]
[SourceDate "1999.07.01"]

1. e4 e5 2. Nf3 Nc6 3. Nc3 Nf6 4. d4 Bb4 5. Nxe5 Qe7 6. Qd3 Nxe5 7. dxe5 Qxe5 8. Bd2 O-O 9. O-O-O Bxc3 10. Bxc3 Qf4+ 11. Rd2 Re8 12. f3 d5 13. e5 c5 14. g3 Qh6 15. Bg2 d4 16. Bxd4 cxd4 17. exf6 Rd8 18. fxg7 Be6 19. f4 Rac8 20. Bxb7 Rc7 21. Qa6 d3 22. Qa5 Rdd7 23. Be4 Rxc2+ 24. Rxc2 dxc2 25. Bxc2 Qh3 26. f5 Qh6+ 27. Kb1 Bd5 28. Rd1 Qxh2 29. f6 Qg2 30. Qb4 Rd8 31. Qh4 1-0

[Event "Austria"]
[Site "?"]
[Date "1999.??.??"]
[Round "2.4"]
[White "Weinzettl Ernst"]
[Black "Marciano David"]
[Result "1/2-1/2"]
[WhiteElo "2401"]
[BlackElo "2533"]
[PlyCount "46"]
[EventDate "1999.??.??"]
[Source "www.chesslib.no"]
[SourceDate "2004.05.04"]

1. e4 e5 2. Nf3 Nc6 3. Nc3 Nf6 4. d4 Bb4 5. Nxe5 Bxc3+ 6. bxc3 Qe7 7. Nxc6 Qxe4+ 8. Be2 Qxc6 9. O-O O-O 10. c4 d5 11. Qd3 dxc4 12. Qxc4 Qxc4 13. Bxc4 Bf5 14. c3 Ne4 15. Bd3 Bg6 16. Bxe4 Bxe4 17. Bf4 c6 18. f3 Bd3 19. Rfe1 Rfe8 20. Kf2 Bc4 21. a4 Rxe1 22. Rxe1 a5 23. Bc7 b5 1/2-1/2